Регионална библиотека "Любен Каравелов" - Русе

Тракийското съкровище от Летница [Ловешко] (Запис номер 11965)

MARC детайли
000 -Лидер
Контролно поле с фиксирана дължина 02131nam a2200409 a 4500
003 - Код на организацията, давaща контролен номер
Контролно поле BLK
005 - Дата и час на последна редакция
Контролно поле 20240603120118.0
008 - Елементи от данни с фиксирана дължина
fixed length control field 180412b bul|||||r ||||||| ||bul||
010 ## - Наследен системен номер
LC control number KNG00013547000
020 ## - Международен стандартен номер на книга ISBN
Международен стандартен номер на книга ISBN 954-07-0879-6
040 ## - Източник на каталожния запис
Идентификатор на билиотеката - собственик на записа BLK
041 ## - Код за език
Код за езика на текст/звукозапис или на отделно заглавие Български
Код за езика КДБФ Български
080 ## - УДК
Текстов определител УДК Художествена обработка на метали
УДК код - определител по УДК 739
УДК определител (497.21-22)
УДК - код + определител 739(497.21-22)
080 ## - УДК
Текстов определител УДК Паметници на културата на историческите периоди. Археологическите паметници. Старини
УДК код - определител по УДК 904
УДК определител (497.21-21)
УДК - код + определител 904(497.21-21)
080 ## - УДК
Текстов определител УДК Класически митологии. Религии на Древна Гърция и Рим, етруска религия. Подразделя се като 291
УДК код - определител по УДК 292
УДК определител (=919.885)
УДК - код + определител 292(=919.885)
100 1# - Редна дума - Автор
Автор Венедиков, Иван Йорданов
Авторска отговорност първи автор
R(LIN) 252681
139 ## - Редно поле
Редна дума Венедиков, Иван Йорданов и др.
Авторски знак Вен - В 46
245 10 - Сведения за заглавието
Заглавие Тракийското съкровище от Летница [Ловешко]
Редно поле (дума) Иван Йорданов Венедиков; съавт. Иван Русев Маразов.
257 ## - Страна на издаване
Страна на създаване/издаване България
260 ## - Област на издателските данни
Име на издателя, разпространителя и проч. Унив. изд. Св. Климент Охридски
Година на издаване 1996
300 ## - Физическа характеристика
Страници 50 с., 28 л.
Илюстрации и др. ил.
Размери/Мащаб 29 см
380 ## - Жанр
Жанр Изкуство
490 ## - СЕРИИ (Колекции)
Име на серия Библиотека Културно-историческо наследство
9 (RLIN) 201521
650 #4 - Допълнително описание по предмет – тема
Основно описание – тема или топоним Археологически паметници - Летница, Ловешка обл
9 (RLIN) 257092
650 #4 - Допълнително описание по предмет – тема
Основно описание – тема или топоним Изкуство, тракийско
9 (RLIN) 257093
650 #4 - Допълнително описание по предмет – тема
Основно описание – тема или топоним Траки - религия
9 (RLIN) 248956
653 ## - Ключова дума – ненормативна
Ключова дума съкровища
653 ## - Ключова дума – ненормативна
Ключова дума Летнишко съкровище
700 1# - Други автори (авторска отговорност)
Лично име Маразов, Иван Русев
Дати, свързани с автора 1942 -
Друга информация Изкуствовед, културолог, траколог.
9 (RLIN) 92502
852 ## - Местоположение
Форматна сигнатура Цб ІІ 8702
856 4# - Електронен адрес и достъп
Електронен формат pdf - файл
Път до файла /url/
856 4# - Електронен адрес и достъп
Електронен формат pdf - файл
Път до файла /url/
999 ## - СИСТЕМНИ КОНТРОЛНИ НОМЕРА
Koha biblionumber 11965
Koha biblioitemnumber 11965
942 ## - АРТИКУЛИ
Вид на библиотечния материал Книги
Скрит в OPAC Не
Периодичен библиозапис Да
944 ## - СЪЗДАВАНЕ И РЕДАКЦИЯ на ЗАПИСА
Създаване/Редакция Създаване
Дата на регистрацията/редакция 15.01.2003
Служител, извършил регистрацията/редакцията 30560
Статус, дата на статуса Геновева Генчева
944 ## - СЪЗДАВАНЕ И РЕДАКЦИЯ на ЗАПИСА
Създаване/Редакция Редакция
Дата на регистрацията/редакция 26.06.2015
Служител, извършил регистрацията/редакцията Ирена_Линкова
999 ## - СИСТЕМНИ КОНТРОЛНИ НОМЕРА
Koha biblioitemnumber 11965
Наличности
Код за отписване Код за изгубен артикул Източник на класификационната схема Код за повреда Коз за рестрикции Код за отдаване Артикулен № Име на библиотеката - собственик Име на библиотеката, в която се намира в момента Статус (Текущо местоположение) Дата на вписване в системата Местоположение - отдел Цена в лева Инвентарен номер Систематично азбучна сигнатура Баркод Номер на екземпляра Цена в евро Служебна бележка Служебен тип на артикула
  Не е изгубен Universal Decimal Classification Не е повреден без рестрикции ползва се в читалня 20739 Регионална библиотека "Любен Каравелов" Русе Регионална библиотека "Любен Каравелов" Русе Отдел Изкуство - подръчен фонд 2001-01-01 Отдел Изкуство - подръчен фонд 3.00 623083 73/В 46 120000623083 1 1.53 N: стар фонд Дата: 01.01.1996 Дата инв: 07.06.2012 Бележки инв: Книги
  Не е изгубен Universal Decimal Classification Не е повреден само за читалня ползва се в читалня 20740 Регионална библиотека "Любен Каравелов" Русе Регионална библиотека "Любен Каравелов" Русе Хранилище 2001-01-01 Хранилище 3.00 625840 Цб ІІ 8702 120000625840 2 1.53 N: 28 Дата: 01.01.1996 Книги
Vip Innovations Ltd, Rousse, Bulgaria 2025